| 000 | 00649nai a22001937a 4500 | ||
|---|---|---|---|
| 003 | OSt | ||
| 005 | 20170602113426.0 | ||
| 008 | 170321b xxu||||| |||| 00| 0 eng d | ||
| 022 | _a07977-888X | ||
| 040 |
_aBMC _cBMC |
||
| 082 | _a338.1 | ||
| 245 | 0 | 0 |
_aBiodiversidad, sustento y culturas _b: abril _cCarmen Améndola, editora |
| 260 |
_aBarcelona _bREDES-AT _bGRAIN _c2007 |
||
| 300 |
_a36 p. _c28 cm |
||
| 490 |
_aRedes, amigos de la tierra _v52 |
||
| 505 | _aContiene: A quién beneficia el negocio de los biocombustibles.- Los desastres que vienen por la Hidrovía Paraguay Parana.- | ||
| 650 | 2 | 4 |
_96390 _aAgricultura integrada |
| 942 |
_2ddc _cPR |
||
| 999 |
_c27356 _d27356 |
||